000 00301pab a2200133 454500
008 180718b1988 xxu||||| |||| 00| 0 eng d
245 _aSpecial section "Narmada Project"
260 _c1988
300 _a16-74
362 _aJun.
650 _aIrrigation - India
773 _aNirnay
909 _a11412
999 _c11412
_d11412